| 000 | 00771nam a2200193 a 4500 | ||
|---|---|---|---|
| 001 | BRCA_1335 | ||
| 005 | 20190320203359.0 | ||
| 008 | 930513s1992 mx-a---##c---#000-0#spa-d | ||
| 040 |
_acl _ccl _dDLC |
||
| 050 | 4 |
_aZ994.M4 _b.V55 1992 |
|
| 100 | 1 |
_aVillagrán Reyes, Manuel _94368 |
|
| 245 | 1 | 0 |
_aMarcas de fuego de las librerías conventuales en la Biblioteca ´Elías Amador´ de Zacatecas _cManuel Villagrán Reyes ; prólogo de Federico Sescosse. |
| 260 |
_aZacatecas _bMuseo Pedro Coronel _c1992 |
||
| 300 |
_a53 p. _bil. _c23 cm. |
||
| 610 | 2 | 4 |
_aBiblioteca ´Elías Amador´ _xCatálogos _zZacatecas (México) _94369 |
| 650 | 1 | 4 |
_aMarcas de propiedad en libros _xCatálogos _zMéxico _94370 |
| 650 | 1 | 4 |
_aBibliotecas monásticas _xCatálogos _zMéxico _94371 |
| 942 |
_2lcc _cB |
||
| 999 |
_c1198 _d1198 |
||